Le controle des finances publiques / (Registro nro. 7727)

Detalles MARC
000 -LEADER
fixed length control field 00791nam a2200241Ia 4500
003 - CONTROL NUMBER IDENTIFIER
control field OSt
005 - DATE AND TIME OF LATEST TRANSACTION
control field 20210423095649.0
008 - FIXED-LENGTH DATA ELEMENTS--GENERAL INFORMATION
fixed length control field 210310s1968 fr gr 000 0 fre d
040 ## - CATALOGING SOURCE
Original cataloging agency CO-JMCR
Transcribing agency CO-JMCR
041 0# - LANGUAGE CODE
Language code of text/sound track or separate title fre
082 04 - DEWEY DECIMAL CLASSIFICATION NUMBER
Classification number 336.00406 /
Item number F123c
Edition number 23
100 1# - MAIN ENTRY--PERSONAL NAME
Personal name Fabre, Francis-J.,
9 (RLIN) 15277
Relator term autor
245 13 - TITLE STATEMENT
Title Le controle des finances publiques /
Statement of responsibility, etc. Francis-J. Fabre
260 ## - PUBLICATION, DISTRIBUTION, ETC.
Place of publication, distribution, etc. Paris :
Name of publisher, distributor, etc. Presses Universitaires de France,
Date of publication, distribution, etc. 1968
300 ## - PHYSICAL DESCRIPTION
Other physical details 204 páginas ;
Dimensions 18 cm.
490 0# - SERIES STATEMENT
Series statement L´Economiste
500 ## - GENERAL NOTE
General note Incluye notas a pie de página.
504 ## - BIBLIOGRAPHY, ETC. NOTE
Bibliography, etc. note Bibliografía: página [201]
505 0# - FORMATTED CONTENTS NOTE
Formatted contents note Objet du controle -- Organismes et techniques du controle
650 14 - SUBJECT ADDED ENTRY--TOPICAL TERM
Topical term or geographic name entry element Control fiscal
9 (RLIN) 15279
Geographic subdivision Francia
650 14 - SUBJECT ADDED ENTRY--TOPICAL TERM
Topical term or geographic name entry element Finanzas públicas
Geographic subdivision Francia
9 (RLIN) 36941
942 ## - ADDED ENTRY ELEMENTS (KOHA)
Source of classification or shelving scheme Dewey Decimal Classification
Koha item type Books
Existencias
Withdrawn status Lost status Source of classification or shelving scheme Damaged status Not for loan Collection code Home library Current library Date acquired Source of acquisition Full call number Barcode Date last seen Copy number Koha item type
    Dewey Decimal Classification     Non-fiction Biblioteca Pública José María del Castillo y Rada Biblioteca Pública José María del Castillo y Rada 04/15/2018 Donación 336.00406 / F123c 430003833 05/16/2024 Ej.1 Books